Fenómenos violentos en el universo

Na minha lista:
Detalhes bibliográficos
Autor principal: Narlikar, Jayant Vishnu (Author)
Formato: Livro
Idioma:espanhol
Publicado em: Madrid Alianza 1982
Colecção:Alianza Universidad, 503
Assuntos:
Tags: Adicionar Tag
Sem tags, seja o primeiro a adicionar uma tag!

MARC

LEADER 00000nam a2200000 a 4500
001 UCX1968
003 CL-VaPUC
008 901206e19820000SP |||||||||||||||||spa|d
082 0 4 |a 523.01  |b NAR  |2 21 
100 |a Narlikar, Jayant Vishnu  |e author  |9 317694 
245 1 0 |a Fenómenos violentos en el universo 
300 |a 288 p 
942 |c BK 
945 |d 19901206 00:00:00 
260 |a Madrid  |b Alianza  |c 1982 
650 0 |a Cosmología  |9 269138 
650 0 |a Astrofísica  |9 269137 
583 |a last modification  |c 19901206 00:00:00  |k Rodrigo Vera 
490 0 |a Alianza Universidad, 503 
999 |c 223089  |d 223087 
952 |0 0  |1 0  |4 0  |6 523_010000000000000_NAR_1982  |7 0  |8 A  |9 218552  |a BIBCUR  |b BIBCUR  |d 2019-11-15  |i 320944K  |o 523.01 NAR 1982  |p 320944K  |r 2025-04-22  |w 2019-11-15  |y BK  |k BCB